000 00516nam a2200229Ia 4500
003 OSt
005 20221005125913.0
006 a|||||r|||| 00| 0
007 ta
008 ASM
024 _a27486
037 _cTextual
040 _aCRL
_cCRL
_bASM
041 _2ASM
_aASM
082 _aU16, 158L9
100 _aKatha Prithivir
_9637292
245 0 _aPrithivi ki kahani
260 _c1979
650 _aGEOGRAPHY
942 _hU16, 158L9
_cTEXL
_2cc
999 _c1055466
_d1055466